[Event "Open Lega"]
[Site "Treviso ITA"]
[Date "1996.??.??"]
[Round "6"]
[White "Abisso, Onofrio"]
[Black "Buso, Giuseppe"]
[Result "0-1"]
[WhiteElo "1525"]
[BlackElo "1453"]
[PlyCount "80"]
[EventDate "1996.??.??"]

1. e4 e5 2. f4 d6 3. Nf3 Nc6 4. Bc4 Be7 5. O-O Nf6 6. fxe5 dxe5 7. Nc3 O-O 8.
d3 h6 9. Be3 Bd6 10. Qe1 Na5 11. Bb3 Nxb3 12. axb3 a6 13. Nb5 Qe8 14. Nc3 Bd7
15. Qg3 Kh8 16. Qe1 b5 17. Qd2 c6 18. Bxh6 Ng4 19. Bg5 f6 20. Bh4 Qf7 21. h3
Nh6 22. Kh1 Qg6 23. Nd1 f5 24. Nf2 Qh5 25. Qe1 Ng8 26. Bg3 f4 27. Bh2 g5 28. d4
exd4 29. e5 Rfe8 30. Qd2 Bc5 31. Nxd4 Nh6 32. e6 Bxe6 33. Nxe6 Rxe6 34. Qc3+
Kg8 35. Qxc5 Qg6 36. Nd3 Nf5 37. Ne5 Qh6 38. Ng4 Qg6 39. Rfe1 Rae8 40. Rxe6
40... Qxe6 {...} 0-1

[Event "Open Lega"]
[Site "Treviso ITA"]
[Date "1996.??.??"]
[Round "6"]
[White "Belloni, Umberto"]
[Black "Catturani, Emilio"]
[Result "1/2-1/2"]
[WhiteElo "1731"]
[BlackElo "1743"]
[PlyCount "47"]
[EventDate "1996.??.??"]

1. e4 d6 2. d4 Nf6 3. Nd2 g6 4. Ngf3 Bg7 5. Be2 O-O 6. O-O c6 7. c3 Nbd7 8. Qc2
e5 9. dxe5 Nxe5 10. Nxe5 dxe5 11. Nc4 Qc7 12. Bg5 b5 13. Ne3 h6 14. Bh4 Bb7 15.
Bxf6 Bxf6 16. Rfd1 Rfd8 17. Rxd8+ Rxd8 18. Rd1 a6 19. Rxd8+ Qxd8 20. Qd3 Qxd3
21. Bxd3 h5 22. Kf1 Kf8 23. Ke2 Ke7 24. Bc2 1/2-1/2

[Event "Open Lega"]
[Site "Treviso ITA"]
[Date "1996.??.??"]
[Round "6"]
[White "Bettio, Umberto"]
[Black "Saponara, Nicola"]
[Result "1-0"]
[WhiteElo "1806"]
[BlackElo "1666"]
[PlyCount "65"]
[EventDate "1996.??.??"]

1. e4 c5 2. Nf3 Nc6 3. d4 cxd4 4. Nxd4 Qb6 5. Nxc6 bxc6 6. Bd3 e6 7. O-O d5 8.
Nc3 Bd6 9. Qg4 Be5 10. Kh1 g6 11. f4 Bg7 12. Qf3 Ne7 13. a3 O-O 14. Bd2 Bxc3
15. Bxc3 d4 16. Bd2 Bb7 17. Qg4 c5 18. f5 exf5 19. exf5 Nd5 20. Qh4 Rae8 21. f6
Re6 22. Bg5 Ne3 23. Qh6 Rxf6 24. Bxf6 Qxf6 25. Rxf6 Nxg2 26. Kg1 Ne3 27. Rf4 f5
28. Re1 Rf7 29. Rxe3 dxe3 30. Bc4 e2 31. Kf2 Be4 32. Bxf7+ Kxf7 33. Rxe4 1-0

[Event "Open Lega"]
[Site "Treviso ITA"]
[Date "1996.??.??"]
[Round "6"]
[White "Busi, Massimo"]
[Black "Badiale, Riccardo"]
[Result "1/2-1/2"]
[WhiteElo "1666"]
[BlackElo "1695"]
[PlyCount "103"]
[EventDate "1996.??.??"]

1. e4 c5 2. d4 cxd4 3. c3 dxc3 4. Nxc3 Nc6 5. Bc4 e6 6. Nf3 d6 7. O-O Be7 8.
Qe2 a6 9. Rd1 Qc7 10. Be3 b5 11. Bb3 Bb7 12. Rac1 Qb8 13. Bb6 Bd8 14. Bxd8 Qxd8
15. Qd2 Nge7 16. Qxd6 Qxd6 17. Rxd6 Rd8 18. Rcd1 Rxd6 19. Rxd6 Nc8 20. Rd2 Ke7
21. Kf1 Rd8 22. Rxd8 Nxd8 23. Ke2 b4 24. Na4 Bxe4 25. Nc5 Bxf3+ 26. Kxf3 a5 27.
Ba4 Nb6 28. Bb5 Kd6 29. Ne4+ Ke5 30. Ke3 Nd5+ 31. Kf3 Nc7 32. Bf1 h6 33. Ke3
Nd5+ 34. Kd3 Nb7 35. Nd2 Nd6 36. Nf3+ Kf4 37. Nd2 f5 38. g3+ Ke5 39. Nf3+ Kf6
40. Nd2 e5 41. Nb3 a4 42. Nc5 a3 43. bxa3 bxa3 44. Nd7+ Ke6 45. Nc5+ Ke7 46.
Kc2 e4 47. Kb3 e3 48. fxe3 Nxe3 49. Be2 Ne4 50. Nxe4 fxe4 51. Kc3 Nd5+ 52. Kd4
{...} 1/2-1/2

[Event "Open Lega"]
[Site "Treviso ITA"]
[Date "1996.??.??"]
[Round "6"]
[White "Cacco, Christian"]
[Black "De Bortoli, Peter"]
[Result "1/2-1/2"]
[WhiteElo "1687"]
[BlackElo "1831"]
[PlyCount "182"]
[EventDate "1996.??.??"]

1. d4 Nf6 2. Nf3 e6 3. Bg5 Be7 4. c4 d6 5. Nc3 O-O 6. e3 Nbd7 7. Bd3 h6 8. Bh4
b6 9. Qc2 Bb7 10. e4 e5 11. dxe5 Nxe5 12. Nxe5 dxe5 13. Rd1 c6 14. O-O Qc7 15.
a3 Rad8 16. b4 a6 17. Qb2 Nh5 18. Bg3 Nxg3 19. hxg3 Bc8 20. b5 axb5 21. cxb5
Be6 22. Be2 Bc5 23. bxc6 Qxc6 24. Bb5 Qa8 25. a4 Bd4 26. Qb4 Bxc3 27. Qxc3 Qxe4
28. Qc7 Rxd1 29. Rxd1 Bb3 30. Rd8 Qe1+ 31. Kh2 g6 32. Rxf8+ Kxf8 33. Qxb6 Kg7
34. Bc6 Bc4 35. a5 Qe2 36. Bf3 Qd3 37. Bb7 Qe2 38. f3 Qa2 39. Qc5 Qe2 40. Be4
Qa2 41. Qxe5+ Kh7 42. Qc7 Bf1 43. f4 Qe6 44. Bf3 Bd3 45. Qb6 Qa2 46. Bb7 Qe2
47. Qc5 Bc4 48. Qe5 Qd3 49. Be4 Qe2 50. Bf3 Qc2 51. Bd5 Qa2 52. Bxc4 Qxc4 53.
Qf6 Qd5 54. Qe5 Qc4 55. Qd6 Qa4 56. a6 Qa5 57. Qd3 Qh5+ 58. Kg1 Qc5+ 59. Kf1
Qc1+ 60. Ke2 Qb2+ 61. Kf3 Qa2 62. g4 Qa5 63. f5 g5 64. Qc4 Qa3+ 65. Ke4 Qe7+
66. Kd5 Qd7+ 67. Kc5 Qc7+ 68. Kb5 Qd7+ 69. Qc6 Qd3+ 70. Kb6 Qd4+ 71. Kc7 Kg7
72. f6+ Kg6 73. Qb7 Qe5+ 74. Kb6 Qd4+ 75. Kb5 Qd3+ 76. Kc5 Qc3+ 77. Kd5 Qd3+
78. Kc6 Qc4+ 79. Kd6 Qd4+ 80. Kc7 Qf4+ 81. Kb6 Qb4+ 82. Kc6 Qc4+ 83. Kd6 Qd4+
84. Kc7 Qe5+ 85. Kb6 Qd4+ 86. Kb5 Qd3+ 87. Kc5 Qc3+ 88. Kd5 Qd3+ 89. Kc5 Qc3+
90. Kd5 Qd2+ 91. Kc5 Qc2+ 1/2-1/2

[Event "Open Lega"]
[Site "Treviso ITA"]
[Date "1996.??.??"]
[Round "6"]
[White "Danese, Aldo"]
[Black "Moschini, Costantino"]
[Result "1-0"]
[WhiteElo "1603"]
[BlackElo "1480"]
[PlyCount "26"]
[EventDate "1996.??.??"]

1. Nc3 Nf6 2. e4 d6 3. Be2 g6 4. d3 c6 5. h4 h5 6. Bd2 a5 7. Nf3 Bg4 8. Nd4
Bxe2 9. Ndxe2 Bg7 10. d4 b5 11. a3 Nbd7 12. O-O b4 13. axb4 13... axb4 {...}
1-0

[Event "Open Lega"]
[Site "Treviso ITA"]
[Date "1996.??.??"]
[Round "6"]
[White "Liubich, Fabrizio"]
[Black "Pastore, Mauro"]
[Result "1/2-1/2"]
[WhiteElo "1456"]
[BlackElo "1654"]
[PlyCount "71"]
[EventDate "1996.??.??"]

1. d4 Nf6 2. c4 g6 3. Nc3 d5 4. Nf3 Bg7 5. cxd5 Nxd5 6. Qb3 Nxc3 7. bxc3 O-O 8.
e3 c6 9. Ba3 Qc7 10. Be2 Bg4 11. O-O Bxf3 12. Bxf3 Re8 13. Rab1 b6 14. d5 Nd7
15. c4 Ne5 16. Be2 c5 17. f4 Nd7 18. Bf3 Rad8 19. Rbd1 e5 20. d6 Qb8 21. Qb5
Re6 22. Bd5 Rxd6 23. fxe5 Nxe5 24. Bb2 Rf8 25. e4 Qd8 26. Bc1 Ng4 27. Rd2 Bd4+
28. Kh1 Qh4 29. g3 Qh3 30. Rxf7 Rxd5 31. Rxf8+ Kxf8 32. cxd5 Nf2+ 33. Rxf2+
Bxf2 34. Qe2 Bd4 35. Qf3+ Kg7 36. Qf4 1/2-1/2

[Event "Open Lega"]
[Site "Treviso ITA"]
[Date "1996.??.??"]
[Round "6"]
[White "Maccapan, Fabio"]
[Black "Dal Maschio, Costantino"]
[Result "1-0"]
[WhiteElo "1825"]
[BlackElo "1639"]
[PlyCount "115"]
[EventDate "1996.??.??"]

1. Nf3 Nf6 2. c4 e6 3. g3 d5 4. Bg2 Be7 5. O-O O-O 6. b3 c5 7. e3 Nc6 8. cxd5
exd5 9. Bb2 Bf5 10. a3 Bd3 11. Re1 b5 12. Bf1 Bxf1 13. Rxf1 Rc8 14. d3 h6 15.
Nbd2 Nd7 16. Rc1 Bf6 17. Qc2 Bxb2 18. Qxb2 Ne7 19. e4 Nb6 20. Rfd1 Ng6 21. exd5
Qxd5 22. Ne1 Qh5 23. d4 cxd4 24. Qxd4 Rfe8 25. Ndf3 Rcd8 26. Qxd8 Rxd8 27.
Rxd8+ Kh7 28. Kg2 Qg4 29. Nd3 Qe6 30. b4 Qe7 31. Rd4 Nc4 32. Re1 Qb7 33. Nc5
Qc6 34. Rd3 Nge5 35. Rc3 Nxf3 36. Rxf3 Nd2 37. Ree3 Nxf3 38. Rxf3 a5 39. g4
axb4 40. axb4 Qd5 41. Kg3 Qe5+ 42. Kh3 Kg6 43. Nd3 Qd5 44. Kg3 Qd6+ 45. Kh3 f6
46. Kg2 Kf7 47. h3 Qd4 48. Kg3 g6 49. Kg2 Kg7 50. Rg3 Kh7 51. Re3 h5 52. gxh5
gxh5 53. Kf1 f5 54. Ke2 f4 55. Re5 f3+ 56. Kd2 Qh4 57. Rxb5 Qxh3 58. Ke3 {...}
1-0

[Event "Open Lega"]
[Site "Treviso ITA"]
[Date "1996.??.??"]
[Round "6"]
[White "Paris, Giorgio"]
[Black "Baldi, Giancarlo"]
[Result "1-0"]
[WhiteElo "1626"]
[BlackElo "1597"]
[PlyCount "95"]
[EventDate "1996.??.??"]

1. e4 e5 2. Nf3 Nc6 3. c3 Be7 4. Bb5 d6 5. d4 Bd7 6. O-O a6 7. Bxc6 Bxc6 8. Re1
Nf6 9. Qc2 exd4 10. cxd4 d5 11. Ne5 Bd7 12. Nc3 Nxe4 13. Nxd5 c6 14. Nxe7 Qxe7
15. Ng6 hxg6 16. Rxe4 Be6 17. Bf4 O-O-O 18. Rae1 Qd7 19. Qc5 Rh4 20. Qa7 Rxf4
21. Rxf4 Qd6 22. Rfe4 Kc7 23. a3 Rh8 24. h3 Rh5 25. R1e3 Rg5 26. Re5 Rh5 27.
Qc5 b6 28. Qc3 Kb7 29. b4 Rxe5 30. dxe5 Qd1+ 31. Kh2 Bd5 32. Re1 Qh5 33. Qe3 b5
34. g4 Qh4 35. Qg3 Qg5 36. f4 Qd8 37. f5 gxf5 38. gxf5 Qd7 39. Qf4 Qc7 40. Kg3
Qd7 41. h4 Bc4 42. Re3 Qd1 43. Qf2 Qh5 44. Qf3 Qh6 45. Qf4 Qh7 46. Qg5 f6 47.
Qg6 Qxg6+ 48. fxg6 1-0

[Event "Open Lega"]
[Site "Treviso ITA"]
[Date "1996.??.??"]
[Round "6"]
[White "Pechy, Alaster"]
[Black "Alburno, Franco"]
[Result "1-0"]
[WhiteElo "1630"]
[BlackElo "1516"]
[PlyCount "74"]
[EventDate "1996.??.??"]

1. b3 e5 2. Bb2 d6 3. g3 Be6 4. c4 Nd7 5. Bg2 c6 6. Nc3 Be7 7. d4 exd4 8. Qxd4
Ngf6 9. Nf3 h6 10. O-O Qc7 11. Ne4 Nxe4 12. Qxe4 Bf6 13. Nd4 Bxd4 14. Bxd4 Ne5
15. f4 f5 16. Qe3 c5 17. Bc3 O-O-O 18. fxe5 d5 19. cxd5 Bxd5 20. Bxd5 Rxd5 21.
Rxf5 Re8 22. Raf1 b6 23. Rf7 Qc6 24. Rf8 Qe6 25. Rxe8+ Qxe8 26. Qf3 Rd8 27.
Qa8+ Kc7 28. Qxa7+ Kc6 29. Rf7 Rd7 30. Qa4+ b5 31. Qa6+ Kd5 32. e4+ Kxe4 33.
Qc6+ Rd5 34. Rf4+ Kd3 35. Qxd5+ Kxc3 36. Qxc5+ Kb2 37. Rf2+ Kb1 1-0

[Event "Open Lega"]
[Site "Treviso ITA"]
[Date "1996.??.??"]
[Round "6"]
[White "Roberti, Ignazio"]
[Black "Pomaro, Stefano"]
[Result "1-0"]
[WhiteElo "1760"]
[BlackElo "1634"]
[PlyCount "89"]
[EventDate "1996.??.??"]

1. d4 Nf6 2. c4 c5 3. d5 b5 4. cxb5 a6 5. e3 d6 6. Nc3 g6 7. Nf3 Bg7 8. Be2 O-O
9. O-O Nbd7 10. bxa6 Bxa6 11. Bxa6 Rxa6 12. e4 Qa8 13. Qc2 Rb8 14. Rb1 Ng4 15.
h3 Nge5 16. Nxe5 Bxe5 17. Bh6 Nb6 18. b3 Rc8 19. Rfe1 c4 20. b4 Ra3 21. Bd2
Bxc3 22. Bxc3 Rxa2 23. Qc1 Na4 24. Ra1 Rxa1 25. Qxa1 Nxc3 26. Qxc3 Qa2 27. Ra1
Qb3 28. Qxb3 cxb3 29. Rb1 Rc3 30. b5 e6 31. b6 Rc8 32. Rxb3 exd5 33. exd5 Kf8
34. Kf1 Ke7 35. Ke2 Kd7 36. Kd3 Rb8 37. Kc4 Kc8 38. Kb5 Kb7 39. Rc3 Ra8 40.
Rc7+ Kb8 41. Ra7 Rxa7 42. bxa7+ Kxa7 43. Kc6 Kb8 44. Kxd6 Kc8 45. Ke7 1-0

[Event "I Open Carnevale"]
[Site "Viareggio ITA"]
[Date "1996.02.??"]
[Round "?"]
[White "Cambiaggio, Gianluca"]
[Black "Pierbattisti, Giorgio"]
[Result "1-0"]
[WhiteElo "1836"]
[BlackElo "1654"]
[PlyCount "45"]
[EventDate "1996.02.23"]

1. e4 c5 2. Nf3 e6 3. d4 cxd4 4. Nxd4 a6 5. c4 Nf6 6. Nc3 Qc7 7. a3 Nc6 8. Nf3
Be7 9. Bd3 O-O 10. O-O b6 11. Kh1 Bd6 12. h3 Ne7 13. Re1 Ng6 14. Be3 Rb8 15. b4
Ne5 16. Rc1 Nxd3 17. Qxd3 Bf4 18. e5 Bxe5 19. Nxe5 Qxe5 20. Bc5 Qh5 21. Bxf8
Bb7 22. Bd6 Ng4 23. Kg1 1-0

[Event "I Open Carnevale"]
[Site "Viareggio ITA"]
[Date "1996.02.??"]
[Round "?"]
[White "Chiusano, Raimondo"]
[Black "Pierbattisti, Giorgio"]
[Result "1-0"]
[WhiteElo "2034"]
[BlackElo "1654"]
[PlyCount "69"]
[EventDate "1996.02.23"]

1. Nf3 d5 2. d4 c6 3. Bg5 Bf5 4. Nbd2 Nf6 5. Bxf6 exf6 6. e3 Bd6 7. c4 O-O 8.
Qb3 Qb6 9. c5 Qxb3 10. axb3 Bc7 11. b4 Nd7 12. b5 Bc2 13. Be2 f5 14. g3 Rfe8
15. b4 Nf6 16. Ra2 Be4 17. O-O Bxf3 18. Nxf3 Ne4 19. Rc1 g5 20. Bd3 h6 21. bxc6
bxc6 22. Rca1 a5 23. bxa5 Reb8 24. a6 Kf8 25. a7 Rb4 26. Ra6 Rb2 27. Rxc6 Nxf2
28. Bxf5 g4 29. Bxg4 Nxg4 30. Rxc7 Nxe3 31. Re1 Re8 32. Rxe3 Rxe3 33. a8=Q+ Kg7
34. Qxd5 Rb1+ 35. Kf2 1-0

[Event "I Open Carnevale"]
[Site "Viareggio ITA"]
[Date "1996.02.??"]
[Round "?"]
[White "Lagumina, Giulio"]
[Black "Efimov, Igor"]
[Result "0-1"]
[WhiteElo "2270"]
[BlackElo "2455"]
[PlyCount "52"]
[EventDate "1996.02.23"]

1. e4 c5 2. Nf3 Nc6 3. Bb5 Nf6 4. Qe2 e5 5. c3 Qc7 6. O-O Be7 7. d4 cxd4 8.
cxd4 Nxd4 9. Nxd4 exd4 10. Bg5 Qe5 11. Bh4 g5 12. Bg3 Qxe4 13. Qd2 Qd5 14. Na3
Ne4 15. Qe2 Qe6 16. Rae1 Nxg3 17. fxg3 Qxe2 18. Rxe2 Kd8 19. Rxf7 Bc5 20. Re5
d6 21. Rxg5 Be6 22. Rxb7 h6 23. Rgg7 d3+ 24. Kh1 d2 25. Be2 Rf8 26. h4 Rf1+ 0-1

[Event "I Open Carnevale"]
[Site "Viareggio ITA"]
[Date "1996.02.??"]
[Round "?"]
[White "Mogranzini, Roberto"]
[Black "Contin, Daniel"]
[Result "0-1"]
[WhiteElo "1771"]
[BlackElo "2325"]
[PlyCount "136"]
[EventDate "1996.02.23"]

1. e4 e6 2. d4 d5 3. e5 c5 4. c3 Bd7 5. Nf3 Qb6 6. Bd3 Bb5 7. O-O Bxd3 8. Qxd3
Qa6 9. Qxa6 Nxa6 10. a3 c4 11. h3 Ne7 12. Bg5 Nc6 13. Nbd2 h6 14. Bh4 Kd7 15.
Ne1 g5 16. Bg3 Ne7 17. Nc2 h5 18. Ne3 Bh6 19. f4 Rag8 20. fxg5 Rxg5 21. Bf4 Rg3
22. Bxh6 Rxh6 23. Rf3 Rxf3 24. Nxf3 Nf5 25. Nxf5 exf5 26. Nh4 Rb6 27. Rb1 Ke6
28. Kf2 f6 29. Nf3 fxe5 30. Nxe5 Rb3 31. Kf3 Nc5 32. Re1 Ne4 33. Re2 a5 34. a4
b5 35. axb5 a4 36. Ng6 Rxb5 37. Nf4+ Kd6 38. Nxh5 a3 39. bxa3 Nxc3 40. Re3 Rb3
41. Ng3 Nd1 42. Rxb3 cxb3 43. Nf1 b2 44. Nd2 Nc3 45. Kf4 Ke6 46. h4 Nb5 47. h5
Nxd4 48. h6 Kf6 49. h7 Kg7 50. Ke5 Nb3 51. Nb1 d4 52. Kf4 Kxh7 53. a4 Kh6 54.
a5 d3 55. Ke3 Nxa5 56. Kxd3 Kg5 57. Kc2 Nc4 58. Kb3 Ne3 59. Kxb2 Kf4 60. Kc1
Nxg2 61. Nc3 Ke3 62. Kd1 Kf3 63. Nd5 Ne3+ 64. Nxe3 Kxe3 65. Ke1 f4 66. Kf1 Kf3
67. Ke1 Kg2 68. Ke2 f3+ 0-1

[Event "I Open Carnevale"]
[Site "Viareggio ITA"]
[Date "1996.02.??"]
[Round "?"]
[White "Pierbattisti, Giorgio"]
[Black "Pieraccini, Carlo Alberto"]
[Result "1-0"]
[WhiteElo "1654"]
[BlackElo "1790"]
[PlyCount "57"]
[EventDate "1996.02.23"]

1. d4 d5 2. c4 e6 3. Nc3 Nf6 4. Nf3 Nbd7 5. Bg5 a6 6. cxd5 exd5 7. e3 Be7 8.
Bd3 c6 9. O-O O-O 10. Qc2 h6 11. Bh4 Re8 12. Rab1 Nf8 13. b4 Ne4 14. Bg3 Nxg3
15. hxg3 Bd6 16. e4 dxe4 17. Nxe4 Bc7 18. Rfe1 Nd7 19. Bc4 Nb6 20. Nf6+ gxf6
21. Qg6+ Kh8 22. Qxh6+ Kg8 23. Qg6+ Kh8 24. Bxf7 Rxe1+ 25. Rxe1 Bf5 26. Qxf5
Qf8 27. Qh5+ Kg7 28. Qg6+ Kh8 29. Re4 1-0

[Event "I Open Carnevale"]
[Site "Viareggio ITA"]
[Date "1996.02.??"]
[Round "?"]
[White "Sorrentino, Maria"]
[Black "Pierbattisti, Giorgio"]
[Result "0-1"]
[WhiteElo "1600"]
[BlackElo "1654"]
[PlyCount "106"]
[EventDate "1996.02.23"]

1. c4 Nf6 2. Nc3 e6 3. e4 Bb4 4. e5 Ng8 5. Qg4 g6 6. a3 Be7 7. d4 Nc6 8. Nf3 d5
9. cxd5 exd5 10. Qg3 Be6 11. Bd3 Qd7 12. Ne2 O-O-O 13. Bg5 f6 14. exf6 Bxf6 15.
O-O Rf8 16. Bb5 Nge7 17. Rac1 Bf5 18. Bxf6 Rxf6 19. Ne5 Qd8 20. Bxc6 Nxc6 21.
Nxc6 Rxc6 22. Rxc6 bxc6 23. Rc1 Re8 24. Nf4 Qd6 25. Kf1 Re4 26. Ne2 Qxg3 27.
hxg3 Kd7 28. f3 Re3 29. Rd1 Bd3 30. Rd2 Bxe2+ 31. Kf2 Rb3 32. Kxe2 Kd6 33. Rc2
a5 34. Kd2 Rb5 35. Ke3 c5 36. dxc5+ Rxc5 37. Rd2 Rb5 38. Kf4 c5 39. Kg5 d4 40.
Kh6 Rb7 41. g4 Kd5 42. Kg5 c4 43. f4 d3 44. f5 gxf5 45. gxf5 Kd4 46. Rf2 Ke3
47. Rf3+ Ke2 48. Rf4 d2 49. Rd4 d1=Q 50. Rxd1 Kxd1 51. f6 Kc2 52. Kf5 Kxb2 53.
Ke6 c3 0-1

[Event "Festival INPS"]
[Site "Roma ITA"]
[Date "1996.??.??"]
[Round "1"]
[White "Attanasi, Salvatore"]
[Black "Verrascina, Nicola"]
[Result "1/2-1/2"]
[WhiteElo "1741"]
[BlackElo "2090"]
[PlyCount "84"]
[EventDate "1996.??.??"]

1. e4 Nc6 2. d4 e5 3. dxe5 Nxe5 4. Nf3 Nxf3+ 5. Qxf3 d6 6. Bd3 Nf6 7. h3 Be7 8.
O-O O-O 9. Nc3 c6 10. Bf4 Qa5 11. a3 Be6 12. Rfe1 Nd7 13. Qg3 Ne5 14. Rad1 Rad8
15. Bf1 Rd7 16. Kh2 Rfd8 17. Bh6 Ng6 18. Bd2 Qc7 19. Bg5 Bxg5 20. Qxg5 d5+ 21.
Kg1 d4 22. Na4 f6 23. Qh5 b6 24. b4 Ne5 25. Nb2 c5 26. f4 Bf7 27. Qf5 Ng6 28.
Bb5 Re7 29. bxc5 Be6 30. Bc4 Bxc4 31. Nxc4 Nxf4 32. e5 Qxc5 33. Qxf4 Qxc4 34.
exf6 Rxe1+ 35. Rxe1 Qf7 36. Re7 Qxf6 37. Qxf6 gxf6 38. Rxa7 Rc8 39. Rd7 Rxc2
40. Rxd4 Ra2 41. Rd6 Kf7 42. Rxb6 Rxa3 1/2-1/2

[Event "Festival INPS"]
[Site "Roma ITA"]
[Date "1996.??.??"]
[Round "1"]
[White "Buffoni, Luca"]
[Black "Chiaretti, Roberto"]
[Result "0-1"]
[WhiteElo "1708"]
[BlackElo "2109"]
[PlyCount "60"]
[EventDate "1996.??.??"]

1. e4 e5 2. Nf3 Nc6 3. Bb5 a6 4. Bxc6 dxc6 5. d4 exd4 6. Qxd4 Qxd4 7. Nxd4 Bd7
8. Nd2 O-O-O 9. O-O g6 10. c3 Nf6 11. f3 c5 12. Ne2 Bg7 13. Re1 Rhe8 14. Nc4
Bb5 15. Ne3 Nd7 16. c4 Bc6 17. Rb1 Ne5 18. b3 Nd3 19. Rd1 f5 20. Nd5 Nxc1 21.
Rbxc1 fxe4 22. fxe4 Rxe4 23. Ng3 Bd4+ 24. Kh1 Ree8 25. Nf4 Be3 26. Rxd8+ Rxd8
27. Rf1 Bxf4 28. Rxf4 Rd2 29. h4 Rxg2 30. Ne4 Re2 0-1

[Event "Festival INPS"]
[Site "Roma ITA"]
[Date "1996.??.??"]
[Round "1"]
[White "Cattarinich, Benedetto"]
[Black "Colombo, Paolo"]
[Result "0-1"]
[WhiteElo "1759"]
[BlackElo "2170"]
[PlyCount "38"]
[EventDate "1996.??.??"]

1. d4 f5 2. Bg5 g6 3. Nd2 Bg7 4. e4 fxe4 5. Nxe4 Nf6 6. Nxf6+ exf6 7. Bf4 Nc6
8. Bb5 O-O 9. Ne2 d6 10. O-O g5 11. Bd2 f5 12. Bc3 d5 13. Kh1 f4 14. Bxc6 bxc6
15. Ng1 g4 16. Re1 Bf5 17. Bb4 Rf7 18. a4 Qh4 19. g3 Qh5 0-1

[Event "Festival INPS"]
[Site "Roma ITA"]
[Date "1996.??.??"]
[Round "1"]
[White "Ciotoli, Patrizio"]
[Black "Bono, Leonardo"]
[Result "1/2-1/2"]
[WhiteElo "2010"]
[BlackElo "1753"]
[PlyCount "137"]
[EventDate "1996.??.??"]

1. e4 c6 2. d4 d5 3. exd5 cxd5 4. c4 Nc6 5. Nc3 Nf6 6. Bg5 Ne4 7. Nxe4 dxe4 8.
d5 Ne5 9. Qd4 f6 10. Bd2 Bf5 11. Bc3 e6 12. Rd1 exd5 13. cxd5 Bd6 14. Qa4+ Kf7
15. Bxe5 Bxe5 16. Qb3 Qa5+ 17. Ke2 Rhc8 18. h3 Rc5 19. Ke3 Rac8 20. d6+ Kf8 21.
Ne2 Rc2 22. d7 Qc5+ 23. Nd4 Bxd7 24. Qa3 Qxa3+ 25. bxa3 R2c3+ 26. Kxe4 Rxa3 27.
f4 Bb8 28. f5 Ra4 29. Kf3 Rc3+ 30. Kf2 Bg3+ 31. Kg1 Rxa2 32. Ne2 Rxe2 33. Bxe2
Bxf5 34. Kf1 Rc2 35. Ra1 a5 36. h4 h5 37. Bxh5 Bd3+ 38. Kg1 b6 39. Rh3 Be5 40.
Rd1 Bf5 41. Rb3 Rc4 42. Be2 Rxh4 43. g3 Rd4 44. Rf1 Bh3 45. Rd1 Be6 46. Ra3 Ke7
47. Rxd4 Bxd4+ 48. Kg2 Bc5 49. Ra1 Bd5+ 50. Kh3 Kd6 51. Bb5 Bb4 52. Rc1 Ke5 53.
Rc7 g5 54. Kg4 Bc5 55. Rh7 Kd4 56. Rd7 Ke5 57. Rh7 Be4 58. Rh8 Kd4 59. Re8 Bc2
60. Re6 f5+ 61. Kxg5 a4 62. Bxa4 Bxa4 63. Re2 Kc3 64. Kxf5 Bc2+ 65. Ke5 b5 66.
Kd5 b4 67. Kxc5 b3 68. Re3+ Kd2 69. Rxb3 1/2-1/2

[Event "Festival INPS"]
[Site "Roma ITA"]
[Date "1996.??.??"]
[Round "1"]
[White "Corvi, Marco"]
[Black "Marino, Giovanni"]
[Result "1/2-1/2"]
[WhiteElo "2215"]
[BlackElo "1869"]
[PlyCount "95"]
[EventDate "1996.??.??"]

1. c4 Nf6 2. Nf3 b6 3. g3 Bb7 4. Bg2 c5 5. b3 e6 6. Bb2 Be7 7. O-O O-O 8. Nc3
d5 9. cxd5 Nxd5 10. Nxd5 Bxd5 11. Re1 Bf6 12. Bc3 Bxc3 13. dxc3 Be4 14. Qc1 Nd7
15. Qf4 Nf6 16. Rad1 Qb8 17. Qxb8 Rfxb8 18. Ne5 Bxg2 19. Kxg2 Rd8 20. Nc6 Rxd1
21. Rxd1 Kf8 22. Kf3 Rc8 23. Nxa7 Ra8 24. Nc6 Rxa2 25. Rd8+ Ne8 26. Rb8 Rc2 27.
Rxb6 Rxc3+ 28. e3 f6 29. Ke2 Rc2+ 30. Kf3 e5 31. Na5 Nc7 32. Rc6 Nd5 33. Nb7 f5
34. g4 fxg4+ 35. Ke4 Nf6+ 36. Kxe5 Rxf2 37. Nd6 Rxh2 38. Rc8+ Ke7 39. Nf5+ Kd7
40. Rxc5 Nh5 41. Rd5+ Kc7 42. Rd4 g6 43. Rc4+ Kb6 44. Rb4+ Kc5 45. Rc4+ Kb6 46.
Rb4+ Kc5 47. Rc4+ Kb6 48. Rb4+ 1/2-1/2

[Event "Festival INPS"]
[Site "Roma ITA"]
[Date "1996.??.??"]
[Round "1"]
[White "De Vita, Igor"]
[Black "Michelena, Rodolfo"]
[Result "0-1"]
[WhiteElo "2150"]
[BlackElo "1810"]
[PlyCount "46"]
[EventDate "1996.??.??"]

1. e4 e5 2. Nf3 d6 3. d4 Bg4 4. dxe5 Nd7 5. exd6 Bxd6 6. Nc3 Qe7 7. Bd3 Ngf6 8.
Bg5 Qe6 9. h3 Bh5 10. g4 Bg6 11. Nd4 Qe5 12. Nf5 Bxf5 13. gxf5 Bb4 14. Bd2
O-O-O 15. Qe2 Nc5 16. O-O-O Nxd3+ 17. cxd3 Rhe8 18. Rhe1 Rd4 19. Be3 Bxc3 20.
bxc3 Ra4 21. Qb2 Qa5 22. Kb1 Re5 23. Kc1 Rb5 0-1

[Event "Festival INPS"]
[Site "Roma ITA"]
[Date "1996.??.??"]
[Round "1"]
[White "Farina, Saverio"]
[Black "Cetkovic, Sergio"]
[Result "1/2-1/2"]
[WhiteElo "2170"]
[BlackElo "1815"]
[PlyCount "84"]
[EventDate "1996.??.??"]

1. d4 Nf6 2. c4 g6 3. Nc3 Bg7 4. e4 d6 5. Nge2 O-O 6. Ng3 c6 7. Be2 a6 8. a4 e5
9. d5 cxd5 10. cxd5 Nbd7 11. h4 Nc5 12. b4 Ncd7 13. Bg5 a5 14. bxa5 Nc5 15. O-O
Rxa5 16. Rb1 h6 17. Be3 Ne8 18. h5 Qh4 19. Rb6 f5 20. Bxc5 Rxc5 21. Nb5 f4 22.
Nh1 Qd8 23. a5 Rf6 24. Bg4 Bd7 25. Bxd7 Qxd7 26. Qb3 gxh5 27. Qh3 Qxh3 28. gxh3
Rf7 29. Ra1 Rd7 30. a6 bxa6 31. Raxa6 Bf8 32. Kh2 Rc1 33. Ra7 Rxa7 34. Nxa7 Rc4
35. f3 Rc2+ 36. Kg1 Be7 37. Rb8 Kf8 38. Nc6 Rc1+ 39. Kg2 Rc2+ 40. Kf1 Rc1+ 41.
Kg2 Rc2+ 42. Kf1 Rc1+ 1/2-1/2

[Event "Festival INPS"]
[Site "Roma ITA"]
[Date "1996.??.??"]
[Round "1"]
[White "Galeno, Walter"]
[Black "Saccone, Fabio"]
[Result "0-1"]
[WhiteElo "1836"]
[BlackElo "2175"]
[PlyCount "72"]
[EventDate "1996.??.??"]

1. e4 c5 2. Nc3 Nc6 3. g3 g6 4. Bg2 Bg7 5. Nge2 e6 6. O-O Nge7 7. d3 O-O 8. Be3
Nd4 9. Qd2 d6 10. f4 f5 11. Nd1 Rb8 12. c3 Nxe2+ 13. Qxe2 b5 14. Nf2 b4 15. d4
bxc3 16. bxc3 cxd4 17. Bxd4 Bxd4 18. cxd4 fxe4 19. Bxe4 Qa5 20. Rfc1 Nf5 21.
Bxf5 gxf5 22. Rab1 Rxb1 23. Rxb1 Qd5 24. Qb2 Kg7 25. Qb3 Qxd4 26. Rd1 Qc5 27.
Qb2+ e5 28. Rc1 Qa5 29. Rd1 Rf6 30. Nd3 e4 31. Nf2 e3 32. Nd3 Ba6 33. Qd4 e2
34. Qxa7+ Kg6 35. Rc1 Rf7 36. Qd4 Bxd3 0-1

[Event "Festival INPS"]
[Site "Roma ITA"]
[Date "1996.??.??"]
[Round "1"]
[White "Giangregorio, Pasquale"]
[Black "Quimi, Marco"]
[Result "0-1"]
[WhiteElo "1767"]
[BlackElo "2225"]
[PlyCount "78"]
[EventDate "1996.??.??"]

1. c4 Nf6 2. Nc3 g6 3. g3 Bg7 4. Bg2 O-O 5. e4 d6 6. Nge2 e5 7. O-O c6 8. d3
Nbd7 9. h3 a5 10. Be3 h6 11. Qd2 Kh7 12. Rab1 Nc5 13. Kh2 Qe7 14. f4 Bd7 15. a3
Rfd8 16. b4 axb4 17. axb4 Na4 18. d4 Nxc3 19. Nxc3 Ra3 20. fxe5 dxe5 21. d5
Rda8 22. Bc5 Qd8 23. b5 R3a5 24. Qe3 Qe8 25. Bb4 R5a7 26. Bc5 Ra5 27. Bb4 R5a7
28. Bc5 cxd5 29. Bxa7 d4 30. Bxd4 exd4 31. Qf4 dxc3 32. e5 Nh5 33. Qxf7 Qxe5
34. Qxd7 Qxg3+ 35. Kh1 Ra2 36. Qxb7 Qe5 37. Rf7 c2 38. Rxg7+ Nxg7 39. Rc1 Ra1
0-1